<?xml version="1.0" encoding="UTF-8"?>
<collection xmlns="http://www.loc.gov/MARC21/slim">
 <record>
  <leader>01592nam a2200325   4500</leader>
  <controlfield tag="001">DLU180184711</controlfield>
  <controlfield tag="005">##20180507</controlfield>
  <datafield tag="020" ind1="#" ind2="#">
   <subfield code="a">9786045394908</subfield>
  </datafield>
  <datafield tag="040" ind1="#" ind2="#">
   <subfield code="a">DLU</subfield>
   <subfield code="b">vie</subfield>
  </datafield>
  <datafield tag="041" ind1="#" ind2="#">
   <subfield code="a">vie</subfield>
  </datafield>
  <datafield tag="044" ind1="#" ind2="#">
   <subfield code="a">vn</subfield>
  </datafield>
  <datafield tag="082" ind1="#" ind2="#">
   <subfield code="a">305.895 922</subfield>
   <subfield code="b">VA-C</subfield>
  </datafield>
  <datafield tag="100" ind1="#" ind2="#">
   <subfield code="a">Vàng Thung Chúng.</subfield>
  </datafield>
  <datafield tag="245" ind1="#" ind2="#">
   <subfield code="a">Tri thức dân gian trong trồng trọt của người Nùng Dín tỉnh Lào Cai /</subfield>
   <subfield code="c">Vàng Thung Chúng.</subfield>
  </datafield>
  <datafield tag="260" ind1="#" ind2="#">
   <subfield code="a">H. :</subfield>
   <subfield code="b">Hội nhà văn,</subfield>
   <subfield code="c">2017.</subfield>
  </datafield>
  <datafield tag="300" ind1="#" ind2="#">
   <subfield code="a">287 tr. ;</subfield>
   <subfield code="c">21 cm.</subfield>
  </datafield>
  <datafield tag="504" ind1="#" ind2="#">
   <subfield code="a">Tài liệu tham khảo: tr. 277-279.</subfield>
  </datafield>
  <datafield tag="505" ind1="#" ind2="#">
   <subfield code="a">Chương I. Khái quát chung về địa bàn cư trú, khai thác môi trường tự nhiên trồng trọt và sử dụng sản phẩm các loại cây nông nghiệp truyền thống phục vụ đời sống người Nùng Dín -- Chương II. Tri thức dân gian về canh tác và sử dụng sản phẩm các loại cây nông nghiệp của người Nùng Dín Lào Cai -- Chương III. Giá trị, vai trò của tri thức dân gian trong việc trồng trọt, sử dụng sản phẩm các loại cây nông nghiệp truyền thống và việc bảo tồn, phát huy giá trị các tri thức đó trong việc xây dựng nông thôn mới hiện nay ở địa phương.</subfield>
  </datafield>
  <datafield tag="650" ind1="#" ind2="#">
   <subfield code="a">Nùng (Dân tộc Đông Nam Á)</subfield>
   <subfield code="z">Việt Nam</subfield>
   <subfield code="z">Lào Cai</subfield>
   <subfield code="x">Đời sống xã hội và tập quán.</subfield>
  </datafield>
  <datafield tag="923" ind1="#" ind2="#">
   <subfield code="a">01/2018</subfield>
  </datafield>
  <datafield tag="991" ind1="#" ind2="#">
   <subfield code="a">SH</subfield>
  </datafield>
  <datafield tag="992" ind1="#" ind2="#">
   <subfield code="a">11000</subfield>
  </datafield>
  <datafield tag="994" ind1="#" ind2="#">
   <subfield code="a">DLU</subfield>
  </datafield>
  <datafield tag="900" ind1="#" ind2="#">
   <subfield code="a">True</subfield>
  </datafield>
  <datafield tag="911" ind1="#" ind2="#">
   <subfield code="a">Nguyễn Thanh Hương</subfield>
  </datafield>
  <datafield tag="925" ind1="#" ind2="#">
   <subfield code="a">G</subfield>
  </datafield>
  <datafield tag="926" ind1="#" ind2="#">
   <subfield code="a">A</subfield>
  </datafield>
  <datafield tag="927" ind1="#" ind2="#">
   <subfield code="a">SH</subfield>
  </datafield>
  <datafield tag="980" ind1="#" ind2="#">
   <subfield code="a">Thư viện Trường Đại học Đà Lạt</subfield>
  </datafield>
 </record>
</collection>
